000 00621nam a2200193 a 4500
001 14128
003 CO-ViMGA
008 141112s2004 ck r 000 u spa d
040 _aCO-ViMGA
_bspa
_cCO-ViMGA
082 0 4 _a613.79 S645c
100 1 _aSoglow, M. H.
_920651
245 1 0 _aCamino a la salud :
_beste es un libro que nos enseña como relajarse, como prevenir la tension, como desarrollar una forma saludable de vida.
260 _aMexico :
_bContinental,
_c1962
300 _a276
590 _aForma de adquisición : DONACION
650 1 4 _aRELAJACION
_93341
650 1 4 _aSALUD MENTAL
_952110
942 _2ddc
_cBK
999 _c24827
_d24827